Statistiques concernant Villes présentes en Ligue 1,Ligue 2 et National (2017-2018)

Cliquez ici pour prendre le quiz!

Statistiques générales

  • Ce quiz a été pris 596 fois
  • Le résultat moyen est 39 sur 57

Statistiques - réponses

DivisionVille% Correct
Ligue 1Paris
99%
Ligue 2Paris
99%
NationalLyon
98%
Ligue 1Lyon
98%
NationalMarseille
97%
Ligue 1Marseille
97%
Ligue 1Lille
96%
Ligue 1Bordeaux
94%
Ligue 1Nantes
94%
Ligue 1Toulouse
94%
Ligue 1Rennes
93%
Ligue 1Strasbourg
92%
Ligue 1Monaco
91%
Ligue 1Nice
91%
Ligue 1Saint-Etienne
90%
Ligue 2Lens
89%
Ligue 1Montpellier
89%
Ligue 1Metz
88%
Ligue 2Brest
87%
Ligue 1Amiens
86%
Ligue 2Ajaccio
85%
Ligue 2Ajaccio
85%
Liguer 1Angers
85%
Ligue 1Dijon
84%
Ligue 2Nancy
83%
Ligue 1Caen
82%
Ligue 1Guingamp
79%
Ligue 2Reims
78%
Ligue 2Lorient
77%
Ligue 2Nîmes
76%
Ligue 1Troyes
75%
Ligue 2Auxerre
74%
Ligue 2Clermont-Ferrand
73%
NationalGrenoble
73%
Ligue 2Le Havre
73%
Ligue 2Quevilly / Rouen
70%
Ligue 2Valenciennes
70%
Ligue 2Orléans
67%
Ligue 2Sochaux
66%
Ligue 2Tours
65%
Ligue 2Niort
55%
NationalLaval
52%
Ligue 2Châteauroux
48%
NationalPau
46%
NationalDunkerque
45%
NationalBoulogne-sur-Mer
43%
Ligue 2Bourg-en-Bresse
38%
NationalCréteil
36%
NationalRodez
36%
NationalBéziers
30%
NationalChambly
27%
NationalConcarneau
23%
NationalLes Herbiers
23%
NationalAvranches
21%
NationalSaint-Ouen
19%
NationalCholet
17%
NationalSannois / Saint-Gratien
6%

Distribution des résultats

Percentile par nombre de réponses

% des personnes avec chaque résultat

Votre développement - résultats

Vous n’avez pas pris ce quiz